New Perspectives on the Book of Revelation: Report on the 64th Colloquium Lovaniense (July 23-25m, 2015) (Record no. 466257)

000 -CABECERA
Campo de control de longitud fija 00533nab a22001457 4500
003 - IDENTIFICADOR DEL NÚMERO DE CONTROL
Campo de control ES-SlBCS
005 - FECHA Y HORA DE LA ÚLTIMA TRANSACCIÓN
Campo de control 20210327224134.0
008 - CÓDIGOS DE INFORMACIÓN DE LONGITUD FIJA
Campo de control de longitud fija 160203s2015 be ||||| |||| 00| 0 eng d
040 ## - FUENTE DE LA CATALOGACIÓN
Centro catalogador del origen ES-SlBCS
Lengua de catalogación spa
041 ## - CÓDIGO DE LENGUA
Código de lengua del texto/banda sonora o título independiente eng
100 1# - PUNTO DE ACCESO PRINCIPAL-NOMBRE DE PERSONA
Nombre de persona Yarbro Collins, Adela
9 (RLIN) 52446
245 10 - MENCIÓN DE TÍTULO
Título New Perspectives on the Book of Revelation: Report on the 64th Colloquium Lovaniense (July 23-25m, 2015)
Mención de responsabilidad, etc. Adela Yarbro Collins
773 0# - ENLACE AL DOCUMENTO FUENTE
Parte(s) relacionada(s) Vol. 91, fasc. 4, 2015, págs. 627-635
Título Ephemerides Theologicae Lovanienses
Número de control del registro relacionado Rev177
Número Internacional Normalizado para Publicaciones Seriadas (ISSN) 0013-9513
942 ## - ENTRADA DE ELEMENTOS AGREGADOS (KOHA)
Fuente de clasificaión o esquema
Koha [por defecto] tipo de item Artículos de revista
Holdings
Suprimido Perdido Fuente de clasificación o esquema Estropeado No para préstamo Localización permanente Localización actual Localización en estantería Fecha adquisición Préstamos totales Fecha última consulta Fecha del precio de reemplazo Tipo de item de Koha
          San Esteban San Esteban Depósito de revistas 03/02/2016   03/02/2016 03/02/2016 Artículos de revista

Bibliotecas Dominicos Provincia Hispania, 2016

Con tecnología Koha